000 00385nam a2200121Ia 4500
008 220620s9999||||xx |||||||||||||| ||und||
245 4 _aThe Management of Clinical Trials
546 _aEnglish[eng]
650 _aPublic health & preventive medicine
700 _aAbdeldayem, Hesham
856 _uhttps://mts.intechopen.com/storage/books/6417/authors_book/authors_book.pdf
942 _cEB
999 _c29685
_d29685